Marcus Aurelius: Stoický císař
Saved in:
| Main Author | |
|---|---|
| Format | Electronic eBook |
| Language | Czech |
| Published |
Nakladatelství Audiolibrix
2026
|
| Edition | 1. elektronické vydání |
| Subjects | |
| Online Access | Dostupné v BOOKPORT po přihlášení pomocí eduID |
| ISBN | 978-80-88494-95-9 978-80-88494-94-2 978-80-88494-93-5 |
| Physical Description | 1 online zdroj (288 stran) |
| LEADER | 00000nam a2200000 i 4500 | ||
|---|---|---|---|
| 001 | bkp1062622039 | ||
| 003 | CZ-prgp | ||
| 005 | 20260520100334.0 | ||
| 006 | m o d | ||
| 007 | cr cn | ||
| 008 | 260520s2026 xr o 000 1 cze | ||
| 020 | |a 978-80-88494-95-9 |c 259 Kč |q (online ; pdf) | ||
| 020 | |a 978-80-88494-94-2 |c 259 Kč |q (online ; epub) | ||
| 020 | |a 978-80-88494-93-5 |c 349 Kč |q (print) | ||
| 040 | |a Grada |b cze |e rda | ||
| 100 | 1 | |a Donald, J., Robertson | |
| 245 | 1 | 0 | |a Marcus Aurelius: Stoický císař |c Robertson Donald J. |
| 250 | |a 1. elektronické vydání | ||
| 264 | 1 | |b Nakladatelství Audiolibrix |c 2026 | |
| 300 | |a 1 online zdroj (288 stran) | ||
| 336 | |a text |b txt |2 rdacontent | ||
| 337 | |a počítač |b c |2 rdamedia | ||
| 338 | |a online zdroj |b cr |2 rdacarrier | ||
| 520 | 3 | |a Příběh císaře, který se díky svým zásadám nenechal ovládnout mocí Marcus Aurelius vládl Římské říši v době jejího největšího rozkvětu - velel armádám, rozhodoval o osudech milionů lidí, řešil spiknutí a války. Jeho soukromé deníky však odhalují muže, který zápasil s pochybnostmi, smutkem a rozporem mezi tím, kým chtěl být, a tím, co od něj vyžadoval trůn. Donald Robertson vás vtáhne do nitra Marcova boje a ukáže vám, jak s pomocí stoické filozofie překonával obrovské překážky, jimž během svého života čelil. Seznámí vás také s osobami, které Marca nejvíce formovaly, jako byla jeho matka Domitia Lucilla, tajemný císař Hadrián nebo jeho stoičtí učitelé. Robertson čerpá z Hovorů k sobě, starověké korespondence i historických záznamů a předkládá vám neskutečně poutavý životopis tohoto nejznámějšího, stoicismus praktikujícího císaře. Pro Marca Aurelia totiž nebyl stoicismus filozofií. Byl jeho základní strategií k přežití. Toto je příběh jedince, který se snažil skloubit moc se svými zásadami a dobrotou. Skutečný příběh muže, který vám i po dvou tisících letech od jeho smrti bude obrovskou inspirací. | |
| 650 | 0 | 4 | |a Memoáry, osobnosti a osudy |
| 650 | 0 | 4 | |a Dějiny |
| 650 | 0 | 4 | |a Filozofie |
| 856 | 4 | 0 | |u https://www.bookport.cz/AccountSaml/SignIn/?idp=https://shibboleth.utb.cz/idp/shibboleth&returnUrl=/kniha/marcus-aurelius-stoicky-cisar-16074/ |y Dostupné v BOOKPORT po přihlášení pomocí eduID |